Cuatro especies nuevas de Cyclanthaceae de Colombia (Registro nro. 14940)

Detalles MARC
000 -CABECERA
Campo de control 002940000a22001090004500
090 ## - CLASIFICACIÓN LOCAL
Colección AS
Consecutivo Seriadas
041 0# - IDIOMA
Código de idioma para texto/pista de sonido o título separado
100 1# - ASIENTO PRINCIPAL--NOMBRE PERSONAL
Nombre personal Tuberquia, Dino
245 10 - MENCION DE TITULO
Título Cuatro especies nuevas de Cyclanthaceae de Colombia
773 1# - Item fuente:
Título Caldasia
Especificación de materiales 45
Descripción física 1-2
Paginas del Articulo 179-189
Lugar, editorial y fecha de publicación 1997
Información sobre la relación 19
942 ## - ELEMENTOS ADICIONALES (KOHA)
Tipo de ítem Artículo

No hay ítems disponibles.